000 00853nas a2200277 4500
001 BR9210566
003 BR-BrBNA
005 20231205093408.0
007 ta
008 230509b bl.|||p| |||| 00| 00por d
040 _aBR-BrBNA
_bpor
_cBiblioteca Nacional de Agricultura
041 _a(Pt)
072 _aL70
100 1 _aMatera, A.
100 1 _aHolzchuh, M.P.
100 1 _aSpicciati, W.
100 1 _aRandi, R.E.
245 1 _aTecnica operatoria simplificada de conchotomia
246 1 _aSimplified surgical technique of ear cropping
650 _aCAO
650 _aCIRURGIA
650 _aOUVIDO
773 0 _tRevista da Faculdade de Medicina Veterinaria e Zootecnia da Universidade de Sao Paulo (Brazil)
_xISSN 0303-7525
_g(1989), v. 26(29 p. 213-221
_wBR9210566
909 _a202311
_bLúcia
_c55
_dLúcia Elande
942 _2AGRIS
_n0
_cANA
999 _c138047
_d138047